Catálogo

TOMA DE DECISIONES EN LA GERENCIA (Registro nro. 6647)

Detalles MARC
000 -LEADER
fixed length control field 00618nam a2200217 a 4500
001 - CONTROL NUMBER
control field 6647
005 - DATE AND TIME OF LATEST TRANSACTION
control field 20180713190524.0
008 - FIXED-LENGTH DATA ELEMENTS--GENERAL INFORMATION
fixed length control field 140415s1992 mx 000 0 spa d
041 ## - LANGUAGE CODE
Language code of text/sound track or separate title spa
082 ## - DEWEY DECIMAL CLASSIFICATION NUMBER
Classification number 658.403
Item number HUB
100 1# - MAIN ENTRY--PERSONAL NAME
Personal name HUBER, GEORGE P.
245 10 - TITLE STATEMENT
Title TOMA DE DECISIONES EN LA GERENCIA
250 ## - EDITION STATEMENT
Edition statement 2a ed.
260 ## - PUBLICATION, DISTRIBUTION, ETC.
Place of publication, distribution, etc. MEXICO :
Name of publisher, distributor, etc. TRILLAS,
Date of publication, distribution, etc. 1992
300 ## - PHYSICAL DESCRIPTION
Extent 247
490 ## - SERIES STATEMENT
Series statement TEORIA Y PRACTICA ORGANIZACIONAL
650 14 - SUBJECT ADDED ENTRY--TOPICAL TERM
Topical term or geographic name entry element ADMINISTRACION
General subdivision TOMA DE DECISIONES
700 1# - ADDED ENTRY--PERSONAL NAME
Personal name VILLEGAS GARCIA, CARLOS
Relator term tr.
700 1# - ADDED ENTRY--PERSONAL NAME
Personal name Filley, Alan C.
Relator term pról.
740 ## - ADDED ENTRY--UNCONTROLLED RELATED/ANALYTICAL TITLE
Uncontrolled related/analytical title MANAGERIAL DECISION MAKING
Existencias
Withdrawn status Lost status Source of classification or shelving scheme Damaged status Not for loan Collection code Home library Current library Shelving location Date acquired Source of acquisition Inventory number Total Checkouts Full call number Barcode Date last seen Price effective from Koha item type
    Dewey Decimal Classification     General Biblioteca Karol Wojtyla Biblioteca Karol Wojtyla Sala general 03/12/2013 Compra 151000000000000000014445   658.403 HUB 19227 05/01/2026 03/12/2013 Libro